000 00663nam a2200181Ia 4500
008 151018s9999 xx 000 0 und d
082 _bRBASDV56863
_a891.462
100 _aसुर्यकांत कुलकर्णी
245 _aनाट्य शलाका
250 _b1
260 _bराष्ट्रीय साहित्य सदन दिल्ली
_c2011
300 _a160
600 _aसुर्यकांत कुलकर्णी
630 _aनाट्य शलाका
700 _aसुर्यकांत कुलकर्णी
730 _aनाट्य शलाका
942 _cBOOK
999 _c1052301
_d1052298